Cooperación técnica internacional y universidad
Saved in:
| Format: | Book |
|---|---|
| Language: | Spanish |
| Published: |
Santiago
Universidad de Concepción
1982
|
| Subjects: | |
| Tags: |
Add Tag
No Tags, Be the first to tag this record!
|
MARC
| LEADER | 00000nam a2200000 a 4500 | ||
|---|---|---|---|
| 001 | UCY7728 | ||
| 003 | CL-VaPUC | ||
| 008 | 950616e19820800CL |||||||||||||||||spa|d | ||
| 082 | 0 | 4 | |a 327.17 |b COO |2 21 |
| 245 | 1 | 0 | |a Cooperación técnica internacional y universidad |
| 300 | |a 157 p | ||
| 942 | |c BK | ||
| 945 | |d 19950616 00:00:00 |a lriquelm | ||
| 260 | |a Santiago |b Universidad de Concepción |c 1982 | ||
| 650 | 0 | |a Asistencia técnica |9 259669 | |
| 650 | 0 | |a Universidades |9 256317 | |
| 650 | 0 | |a Cooperación internacional |9 255447 | |
| 650 | 0 | |a Desarrollo científico |9 259799 | |
| 650 | 0 | |a Desarrollo económico y social |9 256320 | |
| 650 | 7 | |a COOPERACION REGIONAL |2 CL-VaPUC |9 338466 | |
| 650 | 7 | |a COOPERACION CIENTIFICA |2 CL-VaPUC |9 337091 | |
| 651 | 0 | |a América Latina |9 255027 | |
| 583 | |a last modification |c 19950616 00:00:00 |k Rodrigo Vera | ||
| 999 | |c 235049 |d 235047 | ||
| 952 | |0 0 |1 0 |4 0 |6 327_170000000000000_COO_1982 |7 0 |8 P |9 242173 |a BIBEDU |b BIBEDU |c BIBEDU_PB |d 2019-11-18 |i 1518232 |o 327.17 COO 1982 |p 1518232 |r 2024-01-25 |w 2019-11-18 |y BK |k EDU | ||
| 952 | |0 0 |1 0 |4 0 |6 327_170000000000000_COO_1982 |7 0 |8 A |9 242174 |a BIBDER |b BIBDER |d 2019-11-18 |i 1814044 |o 327.17 COO 1982 |p 1814044 |r 2023-01-25 |w 2019-11-18 |y BK |k DER | ||
| 952 | |0 0 |1 0 |4 0 |6 327_170000000000000_COO_1982 |7 0 |8 A |9 242175 |a BIBENE |b BIBENE |d 2019-11-18 |i 1998781 |o 327.17 COO 1982 |p 1998781 |r 2025-01-15 |w 2019-11-18 |y BK |k ICO | ||